01368nam a2200265 i 4500001000300000245044400003260006300447300003500510500011100545504002400656650002400680655002900704710005000733710006700783710006500850020001500915040000800930041001600938080001600954920001800970942000700988008004100995999001701036952004901053bg40aXLI Międzynarodowe Sympozjum Maszyn Elektrycznych SME'2005 :bmateriały konferencyjne : Polska, Opole-Jarnołtówek, 14-17 czerwiec 2005.T. /cKomitet Elektrotechniki Polskiej Akademii Nauk. Sekcja Maszyn Elektrycznych i Transformatorów, The Institute of Electrical and Electronics Engineers (IEEE), Politechnika Opolska. Wydział Elektrotechniki i Automatyki. Instytut Układów Elektromechanicznych i Elektroniki Przrmysłowejn1. aOpole :bOficyna Wydawnicza Politechniki Opolskiej,c2005. aXXIII, 364 s. :bil. ;c30 cm. aTyt. równol.: XLI International Symposium on Electrical Machines. Tekst częśc. ang. - Streszcz. ang. aBibliogr. przy ref. 9aMaszyny elektryczne aMateriały konferencyjne0 aPolska Akademia NaukbKomitet Elektrotechniki0 aThe |Institute of Electrical and Electronics Enginners (|IEEE)0 aPolitechnika OpolskabWydział Elektrotechniki i Elektroniki a8388492748 cBPKw apolengbeng a621.31(063) a83-88492-74-8 cKS s pl f |000 0 pol  c51738d51738 00104070aBPKbBPKcwo78988p02317052yKS